Central Library OPAC University of Rajshahi
Normal view MARC view

Entry Topical Term

Number of records used in: 2

001 - CONTROL NUMBER

  • control field: 11991

003 - CONTROL NUMBER IDENTIFIER

  • control field: BD-RjUL

005 - DATE AND TIME OF LATEST TRANSACTION

  • control field: 20240229152038.0

008 - FIXED-LENGTH DATA ELEMENTS

  • fixed length control field: 240229|| aca||aabn | a|a d

040 ## - CATALOGING SOURCE

  • Original cataloging agency: BD-RjUL
  • Transcribing agency: BD-RjUL

150 ## - HEADING--TOPICAL TERM

  • Topical term or geographic name entry element: Military Science
  • Form subdivision: Border conflict
  • General subdivision: 1972-2000

670 ## - SOURCE DATA FOUND

  • Source citation: Work cat.: (BD-RjUL)83191: উদ্দিন, মো. ইলিয়াস 11989, বাংলাদেশের সীমানা এবং সীমান্ত সংঘর্ষ, ১৯৭২-২০০০ :, ২০০৪